Statistics for Yu-Gi-Oh Card Quiz

Click here to take the quiz!

General Stats

  • This quiz has been taken 855 times
  • The average score is 7 of 28

Answer Stats

HintAnswer% Correct
Seto KaibaBlue Eyes White Dragon
96%
Yugi/ YamiDark Magician
95%
Joey WheelerRed Eyes Black Dragon
67%
Marik/MelvinWinged Dragon of Ra
54%
Jaden YukiElemental Hero Neos
47%
Yusei FudoStardust Dragon
47%
Zane TruesdaleCyber End Dragon
39%
Jesse AndersonRainbow Dragon
33%
Weevil UnderwoodInsect Queen
29%
Jack AtasRed Dragon Archfiend
29%
Akiza IzinskiBlack Rose Dragon
25%
LunaAncient Fairy Dragon
21%
LeoPower Tool Dragon
20%
RaphaelGuardian Eatos
12%
Noah KaibaShinato
11%
Officer TrudgeGoyo Guardian
10%
Tyranno HassleberryBlack Tyranno
9%
Duke DevlinOrgoth the Relentless
7%
Kalin KesslerInfernity Doom Dragon
5%
Zigfried Von SchroederValkyrie
4%
Chazz PrincetonLight and Darkness Dragon
3%
Crow HoganBlack Feather Armor Master
2%
ParadoxMalific Truth Dragon
2%
SayerThought Ruler Archfiend
2%
Misty TredwellDragon Queen of Tragic Endings
1%
AmeldaGorlag
1%
Leon Von SchroederLittle Red Riding Hood
0%
DartzOrichalcos Kyutora
0%

Score Distribution

Percentile by Number Answered

Percent of People with Each Score

Your Score History

You have not taken this quiz